Phác thảo lịch sử nhân loại

Na minha lista:
Detalhes bibliográficos
Autor principal: MAI QUẢNG
Formato: Livro
Idioma:Undetermined
Publicado em: Thế giới 2001
Tags: Adicionar Tag
Sem tags, seja o primeiro a adicionar uma tag!
Thư viện lưu trữ: Trung tâm Học liệu Trường Đại học Cần Thơ
LEADER 00419nam a2200145Ia 4500
001 CTU_49930
008 210402s9999 xx 000 0 und d
082 |a 909 
082 |b M103 
100 |a MAI QUẢNG 
245 0 |a Phác thảo lịch sử nhân loại 
245 0 |c MAI QUẢNG, Đỗ Đức Thịnh 
260 |b Thế giới 
260 |c 2001 
980 |a Trung tâm Học liệu Trường Đại học Cần Thơ